000 00272nam a22001337a 4500
008 170920b xxu||||| |||| 00| 0 eng d
020 _a0517144352
041 _aeng
080 _a7
100 _a45
101 _aART
245 _aTHEPIN-UP
_cGABOR,.M
942 _2udc
_cBK
999 _c28478
_d28478